[Event "Hillerod 100th Ann op"]
[Site "Hillerod"]
[Date "2020.02.13"]
[Round "7"]
[White "Gukesh, Dommaraju"]
[Black "Schultz Pedersen, Jesper"]
[Result "1-0"]
[WhiteElo "2542"]
[BlackElo "2058"]
[PlyCount "61"]
[EventDate "2020.02.08"]
[EventType "swiss"]
[EventRounds "9"]
[EventCountry "DEN"]
[SourceTitle "CBM 194 Extra"]
[Source "ChessBase"]
[SourceDate "2020.03.31"]
[SourceVersion "1"]
[SourceVersionDate "2020.03.31"]
[SourceQuality "1"]

1. e4 Nc6 2. Nf3 e6 3. d4 d5 4. Nc3 Nf6 5. e5 Ne4 6. Bd3 f5 7. exf6 Nxf6 8. Bg5 Bd6 9. Qe2 0-0 10. 0-0-0 Nb4 11. Ne5 b6 12. Bb5 a6 13. Ba4 c5 14. dxc5 bxc5 15. a3 Qc7 16. Nf3 Nc6 17. h4 Rb8 18. Bxf6 gxf6 19. Rh3 Qb6 20. b3 c4 21. Nd2 Bxa3+ 22. Kb1 Kh8 23. Rg3 Rb7 24. Qh5 cxb3 25. Nxb3 Na5 26. Qh6 Nxb3 27. Bxb3 Qxf2 28. Rdd3 Rxb3+ 29. Ka1 Qe1+ 30. Nd1 Rxd3 31. Qg7# 1-0

[Event "Hillerod 100th Ann op"]
[Site "Hillerod"]
[Date "2020.02.12"]
[Round "6"]
[White "Schultz Pedersen, Jesper"]
[Black "Kristiansen, Jens"]
[Result "1-0"]
[WhiteElo "2058"]
[BlackElo "2406"]
[PlyCount "63"]
[EventDate "2020.02.08"]
[EventType "swiss"]
[EventRounds "9"]
[EventCountry "DEN"]
[SourceTitle "CBM 194 Extra"]
[Source "ChessBase"]
[SourceDate "2020.03.31"]
[SourceVersion "1"]
[SourceVersionDate "2020.03.31"]
[SourceQuality "1"]

1. e4 g6 2. Nc3 Bg7 3. f4 d6 4. Nf3 Nf6 5. Bc4 0-0 6. 0-0 Nxe4 7. Nxe4 d5 8. Bd3 dxe4 9. Bxe4 c5 10. c3 Nc6 11. d3 Qd6 12. Qe1 Bd7 13. Be3 f5 14. Bxc6 Bxc6 15. Rd1 Rad8 16. Qf2 b6 17. d4 cxd4 18. Nxd4 Bb5 19. Rfe1 e5 20. fxe5 Bxe5 21. Qc2 Bxh2+ 22. Kh1 Bg3 23. Qb3+ Kh8 24. Nxb5 Qf6 25. Qc4 Bxe1 26. Rxe1 Rfe8 27. Qf1 Re4 28. Kg1 Qe6 29. Bf2 Rd2 30. Rxe4 fxe4 31. Be3 Rxb2 32. Qf8+ 1-0

[Event "Hillerod 100th Ann op"]
[Site "Hillerod"]
[Date "2020.02.09"]
[Round "2"]
[White "Schultz Pedersen, Jesper"]
[Black "Nilssen, John Arni"]
[Result "1/2-1/2"]
[WhiteElo "2058"]
[BlackElo "2333"]
[PlyCount "179"]
[EventDate "2020.02.08"]
[EventType "swiss"]
[EventRounds "9"]
[EventCountry "DEN"]
[SourceTitle "CBM 194 Extra"]
[Source "ChessBase"]
[SourceDate "2020.03.31"]
[SourceVersion "1"]
[SourceVersionDate "2020.03.31"]
[SourceQuality "1"]

1. e4 c5 2. b4 cxb4 3. a3 d5 4. exd5 Qxd5 5. Nf3 e5 6. Bb2 Nc6 7. c4 Qe6 8. Bd3 Bd6 9. 0-0 Nf6 10. Re1 0-0 11. axb4 Nxb4 12. Bf1 e4 13. d3 Nc6 14. Nbd2 Bb4 15. Bxf6 Qxf6 16. Nxe4 Qd8 17. Re3 Bg4 18. h3 Bxf3 19. Rxf3 f5 20. Ng3 Nd4 21. Rb1 a5 22. c5 Nxf3+ 23. Qxf3 Rb8 24. Qf4 Qd5 25. d4 Rbd8 26. Ne2 Kh8 27. Qh4 Rfe8 28. Nf4 Qf7 29. Bb5 Rf8 30. d5 Bxc5 31. Ne6 Rxd5 32. Nxf8 Qxf8 33. Re1 Rd8 34. g4 fxg4 35. hxg4 g5 36. Qg3 Qf6 37. Re8+ Rxe8 38. Bxe8 Qd4 39. Bb5 Bd6 40. Qf3 b6 41. Bd3 Qf4 42. Qa8+ Kg7 43. Qb7+ Bc7 44. Qc8 Qf7 45. Qa8 Qe6 46. Bf5 Qd6 47. Qe8 Bd8 48. Be6 Qe7 49. Qg8+ Kf6 50. Bf5 Ke5 51. Bxh7 Qd7 52. Bf5 Qd1+ 53. Kh2 Qd6 54. Qe8+ Kd4+ 55. Kg1 Kc5 56. Qe3+ Qd4 57. Qa3+ Kc6 58. Qf3+ Kd6 59. Qg3+ Kd5 60. Qb3+ Kc6 61. Qf3+ Kb5 62. Qb3+ Kc6 63. Qf3+ Kc7 64. Qa8 Bf6 65. Qc8+ Kd6 66. Qf8+ Kd5 67. Qa3 Qc3 68. Qa4 Bd4 69. Qd7+ Kc4 70. Be6+ Kd3 71. Qb5+ Kc2 72. Bf5+ Kd2 73. Kg2 Bc5 74. Qa4 Kc1 75. Qb5 Kd2 76. Qa4 Ba3 77. Qe4 Bb4 78. Kf1 Qc1+ 79. Kg2 Qc3 80. Kf1 Qc1+ 81. Kg2 Kc3 82. Qd3+ Kb2 83. Qd4+ Qc3 84. Qxb6 a4 85. Qa6 a3 86. Qe2+ Qd2 87. Qe5+ Qc3 88. Qe2+ Qd2 89. Qe5+ Qc3 90. Qe2+ 1/2-1/2

[Event "Helsingor Xtracon op"]
[Site "Helsingor"]
[Date "2018.07.29"]
[Round "10"]
[White "Schultz Pedersen, Jesper"]
[Black "Laustsen, Lars"]
[Result "1-0"]
[WhiteElo "2057"]
[BlackElo "2219"]
[PlyCount "59"]
[EventDate "2018.07.21"]
[EventType "swiss"]
[EventRounds "10"]
[EventCountry "DEN"]
[SourceTitle "CBM 185 Extra"]
[Source "ChessBase"]
[SourceDate "2018.07.29"]
[SourceVersion "1"]
[SourceVersionDate "2018.07.29"]
[SourceQuality "1"]

1. e4 c5 2. b4 cxb4 3. a3 d5 4. exd5 Qxd5 5. Nf3 e5 6. Bb2 Nc6 7. c4 Qe6 8. Bd3 Nf6 9. 0-0 Qd6 10. Qb3 Bg4 11. c5 Qxc5 12. Bc4 0-0-0 13. axb4 Qxb4 14. Nxe5 Na5 15. Rxa5 Qxa5 16. Nxf7 Bb4 17. Nxh8 Rxh8 18. Rc1 Kb8 19. Qg3+ Ka8 20. Bxf6 Bxd2 21. Rf1 Bf5 22. Nxd2 Qxd2 23. Qf3 Qc2 24. Bxg7 Rc8 25. Bd5 Rc7 26. Be5 Rd7 27. g4 Qd3 28. Bxb7+ Rxb7 29. Qxf5 Qd8 30. Rc1 1-0

[Event "Helsingor Xtracon op"]
[Site "Helsingor"]
[Date "2018.07.23"]
[Round "4"]
[White "Schultz Pedersen, Jesper"]
[Black "Hjornevik, Knut Jarle"]
[Result "1-0"]
[WhiteElo "2057"]
[BlackElo "1860"]
[PlyCount "77"]
[EventDate "2018.07.21"]
[EventType "swiss"]
[EventRounds "10"]
[EventCountry "DEN"]
[SourceTitle "CBM 185 Extra"]
[Source "ChessBase"]
[SourceDate "2018.07.29"]
[SourceVersion "1"]
[SourceVersionDate "2018.07.29"]
[SourceQuality "1"]

1. e4 e6 2. d4 d5 3. e5 c5 4. Nf3 Nc6 5. Bd3 cxd4 6. 0-0 h6 7. a3 g5 8. Bb5 Bd7 9. c4 dxc3 10. Nxc3 Nge7 11. b4 Ng6 12. Bb2 Bg7 13. Bxc6 bxc6 14. Na4 Rb8 15. Qd4 0-0 16. Rfe1 Ne7 17. Nc5 Nf5 18. Qg4 Bc8 19. Rac1 Kh7 20. Nd4 Nxd4 21. Bxd4 Re8 22. Nb3 f5 23. Qd1 Bd7 24. Na5 Qc7 25. Qe2 Rec8 26. Rc2 Rb5 27. Rec1 a6 28. Qe1 Kg6 29. Qc3 Qb8 30. Nb3 Bf8 31. Bc5 Bxc5 32. Nxc5 Qa7 33. Qd4 a5 34. Nxe6 Qxd4 35. Nxd4 Rb6 36. b5 Kf7 37. bxc6 Be6 38. Rc5 Ra6 39. Nb5 1-0

[Event "Helsingor Xtracon op"]
[Site "Helsingor"]
[Date "2018.07.22"]
[Round "3"]
[White "Koellner, Felicitas Ophelia"]
[Black "Schultz Pedersen, Jesper"]
[Result "1/2-1/2"]
[WhiteElo "1815"]
[BlackElo "2057"]
[PlyCount "71"]
[EventDate "2018.07.21"]
[EventType "swiss"]
[EventRounds "10"]
[EventCountry "DEN"]
[SourceTitle "CBM 185 Extra"]
[Source "ChessBase"]
[SourceDate "2018.07.29"]
[SourceVersion "1"]
[SourceVersionDate "2018.07.29"]
[SourceQuality "1"]

1. d4 d5 2. Nf3 c5 3. e3 Nf6 4. c3 Nc6 5. Bd3 Bg4 6. Nbd2 e6 7. 0-0 Rc8 8. dxc5 Bxc5 9. e4 Bxf3 10. Qxf3 0-0 11. Qh3 Ne5 12. Bc2 Ng6 13. exd5 Nxd5 14. Ne4 Be7 15. Rd1 Qb6 16. Bg5 Bxg5 17. Nxg5 Nf6 18. b3 Qa5 19. Ne4 Nxe4 20. Bxe4 Rxc3 21. Rd3 Rxd3 22. Qxd3 Rd8 23. Qc2 Qb6 24. Bxg6 hxg6 25. Rd1 Rxd1+ 26. Qxd1 Qa5 27. h3 Qd5 28. Qc1 g5 29. Qc8+ Kh7 30. Qc7 Kg6 31. Qc2+ f5 32. Qc8 Qc6 33. Qd8 Qc5 34. Qe8+ Kf6 35. Qd8+ Kg6 36. Qe8+ 1/2-1/2

[Event "Helsingor Xtracon op"]
[Site "Helsingor"]
[Date "2018.07.22"]
[Round "2"]
[White "Schultz Pedersen, Jesper"]
[Black "Christensen, Benny1"]
[Result "1-0"]
[WhiteElo "2057"]
[BlackElo "1754"]
[PlyCount "39"]
[EventDate "2018.07.21"]
[EventType "swiss"]
[EventRounds "10"]
[EventCountry "DEN"]
[SourceTitle "CBM 185 Extra"]
[Source "ChessBase"]
[SourceDate "2018.07.29"]
[SourceVersion "1"]
[SourceVersionDate "2018.07.29"]
[SourceQuality "1"]

1. e4 c5 2. Nc3 Nc6 3. f4 e6 4. Nf3 d5 5. Bb5 a6 6. Bxc6+ bxc6 7. d3 Be7 8. 0-0 Nf6 9. Qe1 0-0 10. b3 Rb8 11. Ba3 d4 12. Na4 Nd7 13. c3 Rb5 14. Rc1 Bf6 15. cxd4 Re8 16. dxc5 Nf8 17. e5 Be7 18. Qe3 h6 19. Nd4 Qa5 20. Nxc6 1-0

[Event "DEN-ch Seniors 50+"]
[Site "Hvidovre"]
[Date "2018.02.14"]
[Round "3"]
[White "Schultz Pedersen, Jesper"]
[Black "Lilja, Richard"]
[Result "1/2-1/2"]
[WhiteElo "2068"]
[BlackElo "2086"]
[PlyCount "61"]
[EventDate "2018.02.12"]
[EventType "swiss"]
[EventRounds "7"]
[EventCountry "DEN"]
[SourceTitle "CBM 183 Extra"]
[Source "ChessBase"]
[SourceDate "2018.04.19"]
[SourceVersion "1"]
[SourceVersionDate "2018.04.19"]
[SourceQuality "1"]

1. e4 c5 2. Nc3 e6 3. f4 d5 4. Nf3 dxe4 5. Ne5 Nf6 6. Bb5+ Nbd7 7. Qe2 a6 8. Bxd7+ Bxd7 9. Nxe4 Be7 10. b3 0-0 11. Bb2 Be8 12. Nxf6+ Bxf6 13. 0-0 b5 14. f5 exf5 15. Rxf5 Bd7 16. Nc6 Bxb2 17. Nxd8 Bxa1 18. Rxf7 Bd4+ 19. Kh1 Raxd8 20. Rxf8+ Rxf8 21. h4 Re8 22. Qf3 b4 23. c3 bxc3 24. dxc3 Re1+ 25. Kh2 Bg1+ 26. Kh1 Bf2+ 27. Kh2 Bxh4 28. Qa8+ Kf7 29. Qd5+ Re6 30. Qxd7+ Be7 31. Qd5 1/2-1/2

[Event "Politiken Cup 36th"]
[Site "Helsingor"]
[Date "2014.07.28"]
[Round "9"]
[White "Schultz Pedersen, Jesper"]
[Black "Hansen, Max"]
[Result "0-1"]
[WhiteElo "2235"]
[BlackElo "2009"]
[PlyCount "52"]
[EventDate "2014.07.21"]
[EventType "swiss"]
[EventRounds "10"]
[EventCountry "DEN"]
[SourceTitle "CBM 161 Extra"]
[Source "ChessBase"]
[SourceDate "2014.08.29"]
[SourceVersion "1"]
[SourceVersionDate "2014.08.29"]
[SourceQuality "1"]

1. e4 c6 2. Nc3 d5 3. Nf3 dxe4 4. Ng5 e3 5. fxe3 e5 6. Nf3 Bg4 7. Be2 Nd7 8. 0-0 Ngf6 9. Qe1 Bd6 10. b3 Qe7 11. Nh4 Be6 12. Nf5 Bxf5 13. Rxf5 e4 14. Bb2 0-0-0 15. Qh4 h5 16. Raf1 Be5 17. d4 exd3 18. Bxd3 Qc5 19. R1f3 Ng4 20. Ne4 Qa5 21. Nd6+ Kb8 22. Nc4 Qc7 23. Rxf7 g5 24. Nxe5 gxh4 25. Nxd7+ Rxd7 26. Bxh8 Rxf7 0-1

[Event "Politiken Cup 36th"]
[Site "Helsingor"]
[Date "2014.07.22"]
[Round "2"]
[White "Franzen, Per Erik"]
[Black "Schultz Pedersen, Jesper"]
[Result "1/2-1/2"]
[WhiteElo "2050"]
[BlackElo "2235"]
[PlyCount "102"]
[EventDate "2014.07.21"]
[EventType "swiss"]
[EventRounds "10"]
[EventCountry "DEN"]
[SourceTitle "CBM 161 Extra"]
[Source "ChessBase"]
[SourceDate "2014.08.29"]
[SourceVersion "1"]
[SourceVersionDate "2014.08.29"]
[SourceQuality "1"]

1. d4 d5 2. Nf3 Nc6 3. Bf4 Bg4 4. Ne5 Nxe5 5. Bxe5 Nf6 6. c3 e6 7. Qb3 Bd6 8. Bxd6 Qxd6 9. Nd2 0-0 10. e3 c5 11. Qa3 b6 12. Ba6 e5 13. 0-0 Rfd8 14. c4 exd4 15. exd4 dxc4 16. Nxc4 Qxd4 17. Ne3 Qd7 18. Nxg4 Nxg4 19. Qb3 Qc7 20. g3 Ne5 21. Rfe1 Nc6 22. Bf1 Nd4 23. Qc3 Re8 24. Re3 Rxe3 25. Qxe3 g6 26. Rc1 Qd6 27. a3 Rd8 28. Bg2 Qe6 29. Qxe6 Nxe6 30. b4 Rd4 31. bxc5 Nxc5 32. Bc6 Kf8 33. Re1 Ne6 34. a4 Ke7 35. Ra1 Nc7 36. Kf1 Kd6 37. Rc1 Ne6 38. Be8 f5 39. Rc8 Rb4 40. Bb5 Nc5 41. Rc6+ Kd5 42. Rc7 Nxa4 43. Be8 a5 44. Rxh7 g5 45. h4 gxh4 46. gxh4 Nc5 47. h5 a4 48. Ra7 Rh4 49. Kg2 Kc4 50. Kg3 Rh1 51. Kg2 Rh4 1/2-1/2

[Event "DEN-ch cand"]
[Site "Skorping"]
[Date "2014.04.20"]
[Round "6"]
[White "Schultz Pedersen, Jesper"]
[Black "Percivaldi, Martin"]
[Result "0-1"]
[WhiteElo "2240"]
[BlackElo "2131"]
[PlyCount "62"]
[EventDate "2014.04.15"]
[EventType "swiss"]
[EventRounds "7"]
[EventCountry "DEN"]
[SourceTitle "EXT 2023"]
[Source "ChessBase"]
[SourceDate "2022.10.05"]
[SourceVersion "1"]
[SourceVersionDate "2022.10.05"]
[SourceQuality "1"]

1. e4 d5 2. exd5 Qxd5 3. Nc3 Qa5 4. Nf3 Bg4 5. h3 Bxf3 6. Qxf3 c6 7. b4 Qc7 8. Be2 e6 9. b5 Nf6 10. 0-0 Be7 11. bxc6 Nxc6 12. Bb5 Rc8 13. Rb1 Qd7 14. Ne2 0-0 15. c3 a6 16. Ba4 b5 17. Bc2 Ne5 18. Qg3 Nc4 19. d4 Rfd8 20. Qh4 g6 21. Rd1 Nd5 22. Qg3 Bd6 23. Qh4 Be7 24. Qg3 Ncb6 25. h4 Qc7 26. Bd2 Qxg3 27. fxg3 Nc4 28. a4 b4 29. Be4 Nxd2 30. Rxd2 Nxc3 31. Nxc3 bxc3 0-1

[Event "DEN-ch cand"]
[Site "Skorping"]
[Date "2014.04.17"]
[Round "3"]
[White "Schultz Pedersen, Jesper"]
[Black "Schou Moldt, Thomas"]
[Result "1-0"]
[WhiteElo "2240"]
[BlackElo "2207"]
[PlyCount "81"]
[EventDate "2014.04.15"]
[EventType "swiss"]
[EventRounds "7"]
[EventCountry "DEN"]
[SourceTitle "EXT 2023"]
[Source "ChessBase"]
[SourceDate "2022.10.05"]
[SourceVersion "1"]
[SourceVersionDate "2022.10.05"]
[SourceQuality "1"]

1. e4 g6 2. Nc3 c6 3. Nf3 d6 4. Be2 Bg7 5. 0-0 e5 6. d4 Qe7 7. dxe5 dxe5 8. a4 Qb4 9. a5 Nd7 10. Nd2 b5 11. axb6 Nxb6 12. Nb3 Be6 13. Be3 Bxb3 14. cxb3 Ne7 15. Na4 Nd7 16. Qc2 0-0 17. Nc5 Nxc5 18. Bxc5 Qb7 19. Rfd1 a5 20. Bg4 Rfd8 21. Rxd8+ Rxd8 22. Rxa5 Nc8 23. Ra1 Nd6 24. Be2 Bf8 25. Ra7 Qb8 26. Ra6 Qc8 27. Be3 Nb5 28. Rxc6 Qb7 29. Bxb5 Qxb5 30. g3 Ra8 31. Qc4 Qb8 32. Rc7 Qe8 33. b4 Rb8 34. Bc5 Bxc5 35. Rxc5 Qe7 36. Rc8+ Rxc8 37. Qxc8+ Kg7 38. Qc5 Qe6 39. b5 f6 40. b6 Qb3 41. Qe7+ 1-0

[Event "DEN-ch2A"]
[Site "Helsingor"]
[Date "2013.03.30"]
[Round "4"]
[White "Schultz Pedersen, Jesper"]
[Black "Vej, Jesper"]
[Result "1-0"]
[WhiteElo "2188"]
[BlackElo "2103"]
[PlyCount "43"]
[EventDate "2013.03.28"]
[EventType "swiss"]
[EventRounds "5"]
[EventCountry "DEN"]
[SourceTitle "EXT 2014"]
[Source "ChessBase"]
[SourceDate "2013.11.20"]
[SourceVersion "1"]
[SourceVersionDate "2013.11.20"]
[SourceQuality "1"]

1. e4 b6 2. d4 Bb7 3. Bd3 d6 4. Nf3 Nd7 5. 0-0 Ngf6 6. e5 Bxf3 7. Qxf3 dxe5 8. dxe5 Nxe5 9. Bb5+ Nfd7 10. Bxd7+ Nxd7 11. Rd1 e6 12. Bf4 Bd6 13. Bxd6 cxd6 14. Rxd6 Rc8 15. Nc3 Qe7 16. Qb7 Rb8 17. Qc7 Rd8 18. Rad1 h5 19. Nb5 Rh6 20. Nxa7 e5 21. Rxh6 gxh6 22. Nc6 1-0

[Event "Hillerod NSU op-A"]
[Site "Hillerod"]
[Date "2013.01.06"]
[Round "4"]
[White "Pedersen, Henrik Bolding"]
[Black "Schultz Pedersen, Jesper"]
[Result "1/2-1/2"]
[WhiteElo "2139"]
[BlackElo "2183"]
[PlyCount "41"]
[EventDate "2013.01.04"]
[EventType "swiss"]
[EventRounds "5"]
[EventCountry "DEN"]
[SourceTitle "EXT 2018"]
[Source "ChessBase"]
[SourceDate "2017.10.13"]
[SourceVersion "1"]
[SourceVersionDate "2017.10.13"]
[SourceQuality "1"]

1. d4 Nc6 2. Nf3 d5 3. Bf4 Bg4 4. Nbd2 e6 5. e3 Bd6 6. Bg3 Nge7 7. Be2 0-0 8. Ne5 Bxe2 9. Qxe2 Bxe5 10. dxe5 Nb4 11. Nf3 c5 12. 0-0 Qb6 13. Rfd1 Nbc6 14. b3 Ng6 15. c4 Qa6 16. Kf1 dxc4 17. bxc4 Qa4 18. h4 Nge7 19. Ng5 Na5 20. Rac1 h6 21. Ne4 1/2-1/2

[Event "Politiken Cup 34th"]
[Site "Helsingor"]
[Date "2012.08.05"]
[Round "10"]
[White "Schultz Pedersen, Jesper"]
[Black "Kristensen, Bjarke Hautop"]
[Result "1-0"]
[WhiteElo "2172"]
[BlackElo "1824"]
[PlyCount "60"]
[EventDate "2012.07.28"]
[EventType "swiss"]
[EventRounds "10"]
[EventCountry "DEN"]
[SourceTitle "CBM 149 Extra"]
[Source "ChessBase"]
[SourceDate "2012.08.24"]
[SourceVersion "1"]
[SourceVersionDate "2012.08.24"]
[SourceQuality "1"]

1. e4 c5 2. Nc3 e6 3. f4 d5 4. Nf3 dxe4 5. Nxe4 Nc6 6. Bb5 Bd7 7. 0-0 a6 8. Bxc6 Bxc6 9. Qe2 Be7 10. b3 Nf6 11. d3 Qc7 12. Ne5 Nxe4 13. dxe4 Bf6 14. Bb2 0-0-0 15. c4 h5 16. Rab1 b6 17. Nxc6 Qxc6 18. Bxf6 gxf6 19. Rbd1 Rxd1 20. Rxd1 Rd8 21. Rxd8+ Kxd8 22. e5 Qd7 23. g3 h4 24. Kg2 hxg3 25. Kxg3 Qd4 26. exf6 Qxf6 27. Qe5 Ke7 28. Qg5 Qxg5+ 29. fxg5 f5 30. gxf6+ Kxf6 1-0

[Event "Politiken Cup 34th"]
[Site "Helsingor"]
[Date "2012.07.29"]
[Round "2"]
[White "Schultz Pedersen, Jesper"]
[Black "Jensen, Ib Vagn Norgaard"]
[Result "1-0"]
[WhiteElo "2172"]
[BlackElo "1986"]
[PlyCount "77"]
[EventDate "2012.07.28"]
[EventType "swiss"]
[EventRounds "10"]
[EventCountry "DEN"]
[SourceTitle "CBM 149 Extra"]
[Source "ChessBase"]
[SourceDate "2012.08.24"]
[SourceVersion "1"]
[SourceVersionDate "2012.08.24"]
[SourceQuality "1"]

1. e4 e5 2. Nf3 d6 3. Nc3 Nf6 4. d4 exd4 5. Qxd4 Be7 6. Be3 0-0 7. h3 Nc6 8. Qd2 Be6 9. Rd1 Nd7 10. Be2 Nde5 11. 0-0 Nxf3+ 12. Bxf3 Ne5 13. Be2 Nc4 14. Bxc4 Bxc4 15. Rfe1 Bf6 16. b3 Bxc3 17. Qxc3 Be6 18. Bd4 f6 19. Qg3 Qe8 20. c4 Qf7 21. Rd2 a6 22. c5 dxc5 23. Bxc5 Rfd8 24. Red1 Rxd2 25. Rxd2 b6 26. Be3 Re8 27. Bf4 c6 28. Rd6 Rc8 29. Be3 b5 30. Bc5 Qe8 31. Qd3 g6 32. Qc3 Qf7 33. f4 f5 34. Qe5 Re8 35. Bd4 Kf8 36. Rxc6 fxe4 37. Rc7 Bd7 38. Qd6+ Re7 39. Rxd7 1-0

[Event "DEN-ch G7-1"]
[Site "Helsingor"]
[Date "2012.04.08"]
[Round "6"]
[White "Jensen, Leif"]
[Black "Schultz Pedersen, Jesper"]
[Result "1/2-1/2"]
[WhiteElo "2015"]
[BlackElo "2171"]
[PlyCount "99"]
[EventDate "2012.04.03"]
[EventType "swiss"]
[EventRounds "7"]
[EventCountry "DEN"]
[SourceTitle "EXT 2018"]
[Source "ChessBase"]
[SourceDate "2017.10.13"]
[SourceVersion "1"]
[SourceVersionDate "2017.10.13"]
[SourceQuality "1"]

1. e4 Nc6 2. g3 d5 3. d3 e5 4. c3 dxe4 5. dxe4 Qxd1+ 6. Kxd1 Nf6 7. f3 Bc5 8. Bh3 Nd7 9. Ke2 a5 10. Be3 Bxe3 11. Kxe3 Ke7 12. Na3 Nc5 13. Bxc8 Raxc8 14. Ne2 Rhd8 15. Rad1 f6 16. b3 Ne6 17. Nc1 Na7 18. Nd3 Ra8 19. Nb2 b5 20. Rxd8 Nxd8 21. Nc2 Nac6 22. Rd1 Ne6 23. Rd2 b4 24. Na4 g6 25. f4 Rg8 26. Rd5 exf4+ 27. gxf4 f5 28. Nc5 fxe4 29. Kxe4 bxc3 30. Nxe6 Kxe6 31. Rc5 Kd6 32. Rd5+ Ke7 33. Rc5 Kd7 34. Rxc3 Re8+ 35. Kf3 Nb4 36. a3 Nxc2 37. Rxc2 Rb8 38. Rc3 Rb5 39. Ke4 Rh5 40. h3 c5 41. a4 Kd6 42. Rd3+ Kc6 43. Rf3 Rf5 44. Rd3 Rh5 45. Rf3 Kd6 46. Rd3+ Ke6 47. Rc3 Rf5 48. Rd3 Rh5 49. Rc3 Rd5 50. Rd3 1/2-1/2

[Event "DEN-ch G7-1"]
[Site "Helsingor"]
[Date "2012.04.06"]
[Round "4"]
[White "Willumsen, Henrik"]
[Black "Schultz Pedersen, Jesper"]
[Result "1-0"]
[WhiteElo "2197"]
[BlackElo "2171"]
[PlyCount "91"]
[EventDate "2012.04.03"]
[EventType "swiss"]
[EventRounds "7"]
[EventCountry "DEN"]
[SourceTitle "EXT 2018"]
[Source "ChessBase"]
[SourceDate "2017.10.13"]
[SourceVersion "1"]
[SourceVersionDate "2017.10.13"]
[SourceQuality "1"]

1. e4 Nc6 2. Nf3 e6 3. d4 d5 4. e5 Bd7 5. Be2 Nge7 6. c3 Nf5 7. Bg5 Be7 8. h4 h6 9. Bxe7 Nfxe7 10. Nbd2 Nc8 11. Qc2 a5 12. Nf1 Nb6 13. Rh3 Qe7 14. Rg3 Qf8 15. Ne3 0-0-0 16. h5 Kb8 17. Nd2 f6 18. Rf3 Be8 19. exf6 gxf6 20. g4 Qg7 21. Bb5 Nxd4 22. cxd4 Bxb5 23. Qg6 Qxg6 24. hxg6 Nd7 25. Ng2 e5 26. a4 Ba6 27. Nb3 Rdg8 28. dxe5 Nxe5 29. Rxf6 Nxg4 30. Re6 Re8 31. Nc5 Rxe6+ 32. Nxe6 Re8 33. Ngf4 Ne5 34. g7 Nd3+ 35. Kd2 Nxf4 36. Nxf4 d4 37. b3 c5 38. Re1 Rg8 39. Re7 c4 40. Nd5 cxb3 41. Nf6 b2 42. Kc2 Rc8+ 43. Kxb2 Bc4 44. Rd7 d3 45. Rd4 Bg8 46. Rxd3 1-0

[Event "DEN-ch G7-1"]
[Site "Helsingor"]
[Date "2012.04.04"]
[Round "2"]
[White "Jensen, Morten Frank"]
[Black "Schultz Pedersen, Jesper"]
[Result "0-1"]
[WhiteElo "2025"]
[BlackElo "2171"]
[PlyCount "76"]
[EventDate "2012.04.03"]
[EventType "swiss"]
[EventRounds "7"]
[EventCountry "DEN"]
[SourceTitle "EXT 2018"]
[Source "ChessBase"]
[SourceDate "2017.10.13"]
[SourceVersion "1"]
[SourceVersionDate "2017.10.13"]
[SourceQuality "1"]

1. g3 e5 2. Bg2 Nc6 3. c4 f5 4. Nc3 Nf6 5. d3 Bc5 6. Nh3 0-0 7. Bg5 h6 8. Bxf6 Qxf6 9. Nd5 Qd8 10. e3 a5 11. 0-0 d6 12. f4 Ba7 13. Kh1 Ne7 14. fxe5 dxe5 15. d4 c6 16. Nxe7+ Qxe7 17. Re1 Be6 18. dxe5 Bxc4 19. Nf4 Bf7 20. e6 Be8 21. Qb3 g5 22. Nd3 Rf6 23. e4 f4 24. e5 Rf8 25. gxf4 gxf4 26. Rf1 Be3 27. Be4 Bh5 28. Rae1 Kh8 29. Qc4 Rad8 30. Bf3 Bg6 31. Nf2 Bf5 32. Bg4 Bxf2 33. Bxf5 Bxe1 34. Qxf4 Bd2 35. Qf2 Rg8 36. Rd1 Be3 37. Qc2 Rxd1+ 38. Qxd1 Rg1+ 0-1

[Event "Politiken Cup 33rd"]
[Site "Helsingor"]
[Date "2011.08.04"]
[Round "7"]
[White "Schultz Pedersen, Jesper"]
[Black "Aabling Thomsen, Jakob"]
[Result "0-1"]
[WhiteElo "2177"]
[BlackElo "2325"]
[PlyCount "42"]
[EventDate "2011.07.30"]
[EventType "swiss"]
[EventRounds "10"]
[EventCountry "DEN"]
[SourceTitle "CBM 143 Extra"]
[Source "ChessBase"]
[SourceDate "2011.08.29"]
[SourceVersion "1"]
[SourceVersionDate "2011.08.29"]
[SourceQuality "1"]

1. e4 g6 2. Nc3 Bg7 3. f4 c6 4. Nf3 d5 5. d3 dxe4 6. Nxe4 Nf6 7. c3 0-0 8. Be2 Nbd7 9. Nxf6+ Bxf6 10. d4 Qb6 11. Qb3 Qc7 12. 0-0 Nb6 13. Ne5 c5 14. Be3 Be6 15. Qd1 Rad8 16. Qc1 Nd5 17. dxc5 Bxe5 18. fxe5 Qxe5 19. Bd4 Qxe2 20. Qh6 Nf6 21. Rxf6 Rxd4 0-1

[Event "Politiken Cup 33rd"]
[Site "Helsingor"]
[Date "2011.08.03"]
[Round "6"]
[White "Giffard, Nicolas"]
[Black "Schultz Pedersen, Jesper"]
[Result "1/2-1/2"]
[WhiteElo "2342"]
[BlackElo "2177"]
[PlyCount "54"]
[EventDate "2011.07.30"]
[EventType "swiss"]
[EventRounds "10"]
[EventCountry "DEN"]
[SourceTitle "CBM 143 Extra"]
[Source "ChessBase"]
[SourceDate "2011.08.29"]
[SourceVersion "1"]
[SourceVersionDate "2011.08.29"]
[SourceQuality "1"]

1. d4 d5 2. Nf3 c5 3. g3 cxd4 4. Nxd4 e5 5. Nb3 Nc6 6. Bg2 Be6 7. 0-0 Nf6 8. Bg5 Be7 9. Bxf6 Bxf6 10. Nc5 0-0 11. Nxe6 fxe6 12. e4 Qb6 13. b3 Rad8 14. c3 dxe4 15. Qe2 e3 16. Qxe3 Qxe3 17. fxe3 Bg5 18. Rxf8+ Rxf8 19. Na3 Bxe3+ 20. Kh1 Bd2 21. c4 Rf2 22. Nb5 Be3 23. Nd6 Bd4 24. Rb1 Nd8 25. a4 b6 26. Nb5 a5 27. Nd6 Kf8 1/2-1/2

[Event "Hillerod NSU op"]
[Site "Hillerod"]
[Date "2011.01.09"]
[Round "4"]
[White "Lilja, Richard"]
[Black "Schultz Pedersen, Jesper"]
[Result "0-1"]
[WhiteElo "2070"]
[BlackElo "2139"]
[PlyCount "48"]
[EventDate "2011.01.07"]
[EventType "swiss"]
[EventRounds "5"]
[EventCountry "DEN"]
[SourceTitle "EXT 2018"]
[Source "ChessBase"]
[SourceDate "2017.10.13"]
[SourceVersion "1"]
[SourceVersionDate "2017.10.13"]
[SourceQuality "1"]

1. e4 Nc6 2. Nc3 e6 3. d4 Bb4 4. a3 Bxc3+ 5. bxc3 d6 6. Qg4 Qf6 7. Bb5 Nge7 8. h4 h6 9. Qe2 a6 10. Bd3 e5 11. d5 Nb8 12. h5 c6 13. c4 b5 14. Rb1 0-0 15. g4 bxc4 16. Bxc4 cxd5 17. exd5 Nd7 18. Rb3 e4 19. Qxe4 Nc5 20. Qe2 Nxb3 21. cxb3 Qc3+ 22. Kd1 Qd4+ 23. Bd2 Bxg4 24. f3 Nxd5 0-1